01272cam a2200313 i 450000100090000000300040000900500170001300800410003001000170007102000180008804000280010604200080013405000220014208200180016410000300018224503760021225000240058826400370061230000230064933600260067233700280069833800270072650000230075350400510077665000350082765000270086270000320088970000370092119369076OSt20230826130152.0161109s2018 nyu b 001 0 eng  a 2016035806 a9789353434885 aDLCbengcDLCerdadDLC apcc00aHG4026b.T58 201800a658.15bTIT/F1 aTitman, Sheridaneauthor.10aFinancial management :bprinciples and applications /cSheridan Titman, University of Texas at Austin Walter W. McAllister Centennial Chair in Financial Services, Arthur J. Keown, Virginia Polytechnic Institute and State University, Alumni Distinguished Professor and R.B. Pamplin Professor of Finance, John D. Martin, Baylor University, Carr P. Collins Chair in Finance. aThirteenth Edition. 1aNew York, NY :bPearson,c[2018] a718 pages ;c29 cm atextbtxt2rdacontent aunmediatedbn2rdamedia avolumebnc2rdacarrier aRevised edition of aIncludes bibliographical references and index. 0aBusiness enterprisesxFinance. 0aCorporationsxFinance.1 aKeown, Arthur J .,eauthor.1 aMartin, John D.,d1945-eauthor.